000 01098nam a2200301 i 4500
003 CO-BoRNBP
005 20250124162158.0
007 ta
008 250124s2022 Uy a|||| |||| 00| 0 spa d
020 _a9789915662916
040 _aCO-BoRNBP
_bspa
_cCO-BoRNBP
_erda
041 _aspa
043 _aspa
082 _a574.5 B21p
_bB21p
100 1 _aBeeb,Sophie
_eautor
_957718
245 1 3 _aDe plástico a fantástico:
_bConvierte la basura en tesoros con 25 proyectos de reciclado/
_cSophie Bebb y Hellen Robinson; traducción, Equipo editorial Latinbooks; ilustraciones, Diego Vaisberg y Martín Lowenstein
250 _aPrimera edición
264 4 _aMontevideo, Uruguay,
_b©Latinbooks
_c2022
300 _a64 páginas,
_bilustraciones a color, tapa dura,
_calto 27 cm ancho 23 cm
336 _2rdacontent
_atexto
_btxt
337 _2rdamedia
_asin mediación
_bn
338 _2rdacarrier
_avolumen
_bnc
490 _aPequeños genios
_pCiencia loca y divertida
650 _2LEMB
_aEcología
_9445
650 _2LEMB
_aReciclaje
_957719
650 _2LEMB
_aManualidades
942 _2ddc
_cBKINF
999 _c56834
_d56834